Fnaf VR Quiz - Statistics

General Stats
  • This quiz has been taken 120 times
  • The average score is 33 of 88
Answer Stats
Hint Answer % Correct
Foxy
98%
Fnaf 1: Freddy
98%
Bonnie
96%
Chica
96%
Toy Bonnie
81%
Fnaf 2: Toy Freddy
81%
Puppet
79%
Toy Chica
79%
Mangle
77%
Withered Bonnie
77%
Withered Chica
77%
Withered Foxy
77%
Withered Freddy
77%
Phantom Freddy
75%
Fnaf 3: Springtrap
75%
Fnaf 4: Nightmare Freddy
73%
Phantom Foxy
73%
BB
71%
Nightmare Bonnie
71%
Nightmare Chica
69%
Nightmare Foxy
69%
Phantom BB
69%
Endo 01
67%
Phantom Mangle
67%
Plushtrap
67%
Nightmare Fredbear
65%
Sister Location: Baby
63%
Endo 02
63%
Nightmare BB
63%
Fnaf VR: Glitchtrap
60%
Nightmarionne
60%
Shadow Bonnie
60%
Funtime Foxy
58%
Funtime Freddy
56%
Cupcakes Cupcake
54%
BonBon
52%
Bonnet
52%
Lolbit
52%
Nightmare Cupcake
52%
Ennard
50%
Minireena
46%
Toy Cupcake
46%
Dreadbear
44%
Fnaf 6: Helpy
44%
Bidybab
42%
Grimm Foxy
38%
Nightmare Endo
38%
Neon Bonnie
27%
Neon Chica
27%
Dark Freddy
25%
Plushbabies
21%
Burnt Foxy
19%
Party Freddy
15%
Plushkins
15%
ScrapPlushbabies
13%
Shadow Mangle
13%
Others: Coffee
6%
Endoplush
6%
Freddels
4%
DarkSpringtrap
2%
Endo Baby
2%
Endo BonBon
2%
Endo Bonnie
2%
Endo Chica
2%
Endo Dreadbear
2%
Endo Ennard
2%
Endo Foxy 1
2%
Endo Foxy 2
2%
Endo Freddles
2%
Other Endoskeleton Models: Endo Freddy
2%
Endo Funtime Foxy
2%
Endo Funtime Freddy
2%
Endo Grimm Foxy
2%
Endo Jack-o-Bonnie
2%
Endo Jack-o-Chica
2%
Endo Mangle
2%
Endo Nightmare Bonnie
2%
Endo Nightmare Chica
2%
Endo Nightmare Foxy
2%
Endo Nightmare Freddy
2%
Endo Springtrap
2%
Endo Toy Bonnie
2%
Endo Toy Chica
2%
Endo Withered Bonnie
2%
Endo Withered Chica
2%
Endo Withered Foxy
2%
Endo Withered Freddy
2%
Jack-o-Pumkin
0%
No matching quizzes found
Score Distribution
Percent of People with Each Score
Percentile by Number Answered
Your Score History
You have not taken this quiz